00242nam a2200097Ia 4500001000800000005001700008008004100025020001800066245004100084260001900125127601320260417160439.0260417s9999 xx 000 0 und d a9786256309234 0aBeş Farklı AyıcCatherine Rayner bKetebe Çocuk